| 000 | 01447nam a2200349 i 4500 | ||
|---|---|---|---|
| 005 | 20220316235230.0 | ||
| 008 | 121119s1993 mx a gr 000 j spa d | ||
| 020 | _a9681642708 | ||
| 040 |
_aCO-BoRNBP _bspa _cCO-BoRNBP _erda |
||
| 041 | 0 | _aspa | |
| 100 | 1 |
_aBrowne, Anthony, _d1946- _eautor |
|
| 245 | 1 | 0 |
_aCambios _cAnthony, Browne ; traducción de Carmen Esteva ; editor Daniel Goldin |
| 250 | _a1a. edición | ||
| 264 | 1 |
_aMéxico _aBogotá _bFondo de Cultura Económica _c1993 |
|
| 300 |
_a[30] páginas sin enumerar _bilustraciones a color _c30 cm |
||
| 336 |
_atexto _btxt _2rdacontent |
||
| 337 |
_asin mediación _bn _2rdamedia |
||
| 338 |
_avolumen _bnc _2rdacarrier |
||
| 490 | 0 | _aLos especiales de a la orilla del viento | |
| 520 | _aUna mañana José Kaf comienza a descubrir cosas extrañas que pasan a su alrededor. Las imágenes de este libro revelan las posibilidades de descubrir nuevas formas en los objetos cotidianos | ||
| 521 | _aRecomendado para un público infantil mayor de 6 años. | ||
| 534 | _tChanges | ||
| 650 | 1 | 7 |
_ySiglo XX _2ARMARC _aÁlbumes infantiles ingleses |
| 650 | 1 | 7 |
_aLiteratura infantil inglesa _ySiglo XX _2ARMARC |
| 650 | 1 | 7 |
_aFamilia _vÁlbumes _2ARMARC |
| 650 | 1 | 4 |
_2LEMB _aImaginación _vÁlbumes |
| 650 | 1 | 4 |
_2LEMB _aLibros ilustrados para niños _vÁlbumes |
| 700 | 1 |
_aEsteva, Carmen, _etraductora _94749 |
|
| 700 | 1 |
_aGoldin, Daniel, _eeditor _98583 |
|
| 942 |
_2loc _cBKLIT |
||
| 084 | _aA BRO1 | ||
| 999 |
_c310 _d310 |
||